[Event "Norway Chess 6th"]
[Site "Stavanger"]
[Date "2018.06.02"]
[Round "5"]
[White "Carlsen, Magnus"]
[Black "Anand, Viswanathan"]
[Result "1/2-1/2"]
[WhiteElo "2843"]
[BlackElo "2760"]
[Annotator "Yermolinsky,Alex "]
[PlyCount "89"]
[EventDate "2018.05.28"]
[EventType "tourn"]
[EventRounds "9"]
[EventCountry "NOR"]
[EventCategory "22"]
[SourceTitle "CBM 185"]
[Source "ChessBase"]
[SourceDate "2018.07.13"]
[SourceVersion "1"]
[SourceVersionDate "2018.07.13"]
[SourceQuality "1"]

1. c4 c5 2. Nf3 Nc6 3. d4 cxd4 4. Nxd4 Nf6 5. Nc3 e6 6. a3 {Introduced into tournament practice in the 1990's this little move shows White's big ambition to build up a big centre by preventing the black bishop from coming to b4.} Be7 {The d7-d5 break can be delayed.} ({In the past Anand and some members of his coaching staff relied on} 6... d5 7. cxd5 exd5 8. Bg5 Bc5 9. e3 Bxd4 {which is a dull but reliable way to equalise.}) 7. e4 ({Carlsen-Gelfand, 2009 saw a different plan:} 7. g3 Qb6 8. Nf3 O-O 9. Bg2 Rd8 10. O-O d5 11. cxd5 exd5 {the resulting position looks like it came from the Tarrasch Defence, possibly with an extra tempo for Black thanks to White's f3-d4-f3.}) 7... O-O 8. Nf3 {Normally White wouldn't retreat with that knight,} ({but} 8. Be2 d5 {is known to be equal.}) 8... Qa5 $5 {Still a relatively fresh idea. Black insists on his central break.} ({A Hedgehog-like formation can be reached via the standard} 8... Qc7 9. Be2 b6 10. O-O Bb7 {Anand had this position with Black against Vallejo back in 2005!}) 9. Bd2 {I'm rather surprised with this one.} ({One would think the endgame up a pawn after the semi-forced} 9. Bd3 d5 10. exd5 exd5 11. cxd5 Nxd5 12. Bxh7+ Kxh7 13. Qxd5 Qa6 14. Bg5 Be6 15. Qb5 {would be right up Carlsen's alley.}) 9... Qh5 10. Be2 d5 {So, the break goes through.} 11. cxd5 exd5 12. exd5 Nxd5 13. O-O ({Black absolutely doesn't mind the split pawns after} 13. Nd4 Qe5 14. Nxc6 bxc6 {as his pawn formation provides support to his d5, as seen in Huzman-Timofeev, 2016 and Inarkiev-Gelfand 2017}) ({RR} 13. Nd4 Qe5 14. Nxc6 bxc6 15. O-O Rb8 16. Nxd5 cxd5 17. Bc3 Qg5 18. Qd4 Rb6 19. Bf3 Be6 20. Qa4 Rb7 21. Rad1 Bf6 22. h4 Qf5 23. Bxf6 Qxf6 24. Bxd5 Bxd5 25. Rxd5 Qxb2 26. Rfd1 h6 27. g3 Qf6 {So,W (2780)-Vachier Lagrave,M (2779) Saint Louis 2018 ½-½ (47)}) 13... Nf6 $146 {A novelty and improvement from Vishy, which was rather predictable.} ({We talked about the c6-pawn in the note above, but here things take a bit of a different shape after} 13... Rd8 14. Nd4 Qg6 15. Nxd5 Rxd5 16. Nxc6 bxc6 17. Bf3 {as White got himself a free ride in Wojtaszek-Borisek, 2015. Naturally, Carlsen wouldn't mind a repeat of such a scenario, but this being a Wojtaszek game made it very unlikely to escape a careful examination in Anand's lab.}) ({RR} 13... Nxc3 14. Bxc3 Qg6 15. Bd3 Bf5 16. Bxf5 Qxf5 17. Qb3 b6 18. Rad1 Rad8 19. Qa4 Rxd1 20. Rxd1 Rc8 21. h3 h6 22. Qg4 Qxg4 23. hxg4 Rd8 24. Rxd8+ Bxd8 25. Nd4 Nxd4 26. Bxd4 f6 27. f3 Kf7 28. Kf2 {Svidler,P (2723)-Nepomniachtchi,I (2784) chess24.com INT 2020 ½-½ (38)}) ({RR} 13... Nxc3 14. Bxc3 Qg6 15. Bd3 Bf5 16. Bxf5 Qxf5 17. Qb3 Bf6 18. Qxb7 Bxc3 19. bxc3 Qc5 20. Rad1 Rab8 21. Qc7 Rfc8 22. Qf4 Qxc3 23. Rd6 h6 24. h3 Rd8 25. Rfd1 Qxa3 26. Kh2 Rxd6 27. Rxd6 Qb4 28. Qg3 {Bu,X (2676)-Timofeev,A (2690) Ningbo 2010 ½-½ (38)}) 14. Nd4 Qc5 15. Nxc6 Qxc6 16. Bf3 {White's only hope in this dry desert type of position is the pressure against b7, but Black's next takes care of that.} Qa6 $1 17. Re1 Be6 18. Qe2 Qxe2 19. Nxe2 Bg4 $1 20. Bxg4 Nxg4 {Dead equal. One last thing left to do was to honour the 30-move rule.} 21. h3 Ne5 22. Nf4 Nc6 23. Nd5 Bd6 24. Bc3 f6 25. Rad1 Rad8 26. Rd2 Kf7 27. Red1 Bb8 28. Kf1 Rfe8 29. Nb4 Rxd2 30. Rxd2 Bf4 31. Rd1 Rd8 32. Rxd8 Nxd8 33. Ke2 Bd6 34. Nc2 Nc6 35. Nd4 Nxd4+ 36. Bxd4 a6 37. Kd3 Ke6 38. Be3 Kd5 39. f3 b5 40. Bd2 f5 41. Be1 g6 42. Bd2 Be7 43. Be1 Bd6 44. Bd2 Be7 45. Be1 1/2-1/2

[Event "Candidates Tournament"]
[Site "London"]
[Date "2013.03.16"]
[Round "2"]
[White "Carlsen, Magnus"]
[Black "Kramnik, Vladimir"]
[Result "1/2-1/2"]
[WhiteElo "2872"]
[BlackElo "2810"]
[Annotator "ChessBase II"]
[PlyCount "60"]
[EventDate "2013.03.15"]
[EventType "tourn"]
[EventRounds "14"]
[EventCountry "ENG"]
[EventCategory "22"]
[SourceTitle "CBM 154"]
[Source "ChessBase"]
[SourceDate "2013.05.15"]
[SourceVersion "1"]
[SourceVersionDate "2013.05.15"]
[SourceQuality "1"]

1. c4 c5 2. Nf3 Nc6 3. d4 cxd4 4. Nxd4 Nf6 5. Nc3 e6 6. Bf4 d5 7. e3 (7. Ndb5 {transposes to a line that used to be fashionable a few decades ago; in recent years we had Nakamura,H (2775)-Kramnik,V (2801)/Moscow 2012/CBM 149/[Marin,M] (1/2, 40)}) 7... Bb4 8. Be2 dxc4 $146 (8... O-O {Zhigalko,A (2589)-Vachier Lagrave,M (2711)/Warsaw 2012/ (0-1, 69)}) 9. Nxc6 Qxd1+ 10. Rxd1 bxc6 11. Bxc4 Nd5 12. O-O Nxf4 13. exf4 Bxc3 14. bxc3 Ke7 15. Rb1 Bd7 16. Rb7 Rhb8 17. Rfb1 Rxb7 18. Rxb7 a5 19. Bd3 $146 ({RR} 19. Kf1 Kd8 20. Ke2 Kc8 21. Rb2 Rb8 22. Rxb8+ Kxb8 23. Ke3 Kc7 24. g4 f6 25. Bd3 h6 26. h4 Kd6 27. f3 c5 28. a3 Bc6 29. Be2 e5 30. fxe5+ Kxe5 31. f4+ Kd6 32. Bd3 g5 33. hxg5 hxg5 {Kvetny,M (2416)-Krassowizkij,J (2448) Weissach 2021 ½-½ (34)}) ({RR} 19. Kf1 Kd8 20. Ke2 Kc8 21. Rb2 Rb8 22. Rxb8+ Kxb8 23. Ke3 Kc7 24. g4 f6 25. Bd3 h6 26. h4 Kd6 27. f3 c5 28. a3 Bc6 29. Be2 e5 30. fxe5+ Kxe5 31. f4+ Kd6 32. Bd3 g5 33. hxg5 hxg5 {Kvetny,M (2416)-Krassowizkij,J (2448) Weissach 2021 ½-½ (34)}) 19... h6 20. h4 Kd8 21. Kf1 Kc8 22. Rb1 Rb8 23. Rxb8+ Kxb8 24. Ke2 Kc7 25. Ke3 Kd6 26. Kd4 c5+ 27. Ke3 Bc6 28. g3 f6 29. a3 e5 30. fxe5+ Kxe5 1/2-1/2

[Event "Linares 26th"]
[Site "Linares"]
[Date "2009.02.20"]
[Round "2"]
[White "Carlsen, Magnus"]
[Black "Dominguez Perez, Leinier"]
[Result "1/2-1/2"]
[WhiteElo "2776"]
[BlackElo "2717"]
[Annotator "ChessBase"]
[PlyCount "35"]
[EventDate "2009.02.19"]
[EventType "tourn"]
[EventRounds "14"]
[EventCountry "ESP"]
[EventCategory "21"]
[SourceTitle "CBM 129"]
[Source "ChessBase"]
[SourceDate "2009.03.25"]
[SourceVersion "1"]
[SourceVersionDate "2009.03.25"]
[SourceQuality "1"]

1. c4 ({RR} 1. d4 Nf6 2. c4 e6 3. g3 c5 4. Nf3 cxd4 5. Nxd4 Nc6 {½-½ (17) Ernst,S (2530)-Ponkratov,P (2613) Moscow 2015}) 1... c5 2. Nf3 Nc6 3. d4 cxd4 4. Nxd4 Nf6 5. Nc3 e6 6. g3 Qb6 7. Ndb5 Ne5 8. Bf4 Nfg4 {#} 9. Qa4 {This astonishing move was introduced into practice last year by Aronian, who surprised Leko in Morelia 2008.} g5 {Faced with a new situation in the above-mentioned game this advance took Leko 80 minutes of thought. Dominguez spent less than a minute for it. His next moves were played a tempo as well - a clear sign of good home preparation.} 10. Bxe5 Qxf2+ {An important novelty! In the game Aronian-Leko, Morelia 2008 Black continued 10... Nxe5.} 11. Kd1 Nxe5 12. Nc7+ Kd8 13. Nxa8 Qd4+ 14. Kc2 Nxc4 15. Kb3 ({Without preparation Carlsen wasn't ready to test the most principled continuation} 15. e4 Qd2+ 16. Kb3 Qxb2+ (16... Ne3 {loses:} 17. a3 Qc2+ 18. Ka2) 17. Kxc4 d5+ ({Not} 17... Qxa1 18. Qa5+ b6 19. Qxg5+ Be7 20. Qe5 {winning}) {and here White must find} 18. Kd3 $1 (18. exd5 Bg7 {favours Black}) 18... Bg7 19. Ne2 {# This wild position requires a careful analysis in order to tell if White can emerge out of complications with some advantage. At the first sight Black has sufficient counterplay to keep the balance. Here is a possible variation that ends up with a draw by perpetual check:} Bd7 ({worse is} 19... dxe4+ 20. Ke3 Qxa1 21. Bg2 Qe5 22. Qxa7 Bd7 23. Rc1) 20. Qxa7 Qxa1 (20... Bb5+ 21. Ke3 d4+ 22. Kf2 {is again winning for White}) 21. Bg2 Bb5+ 22. Ke3 Qb2 23. Qb8+ Ke7 24. Qxb7+ Kf8 25. Qc8+ Ke7 26. Qc7+ Ke8 {and White can either repeat the moves, or try to play for more with 27.Re1.}) 15... Nd2+ 16. Kc2 Nc4 17. Kb3 Nd2+ 18. Kc2 $146 1/2-1/2

[Event "Gausdal Classics GM"]
[Site "Gausdal"]
[Date "2007.04.20"]
[Round "3"]
[White "Carlsen, Magnus"]
[Black "Moskow, Eric"]
[Result "1-0"]
[WhiteElo "2693"]
[BlackElo "2260"]
[PlyCount "63"]
[EventDate "2007.04.18"]
[EventType "tourn"]
[EventRounds "9"]
[EventCountry "NOR"]
[EventCategory "12"]
[SourceTitle "CBM 118"]
[Source "ChessBase"]
[SourceDate "2007.05.31"]
[SourceVersion "1"]
[SourceVersionDate "2007.05.31"]
[SourceQuality "1"]

1. d4 Nf6 2. c4 e6 3. Nf3 c5 4. g3 cxd4 5. Nxd4 Nc6 6. Bg2 Bc5 7. Nb3 Be7 8. Nc3 b6 9. Bf4 ({RR} 9. O-O Bb7 10. Nb5 d6 11. N3d4 Qd7 12. Bf4 e5 13. Nxc6 Bxc6 14. Bxc6 Qxc6 15. Bg5 Nd7 16. Bxe7 Kxe7 17. Rc1 a6 18. Nc3 Nf6 19. Nd5+ Ke6 20. Nxf6 gxf6 21. Qb3 Ke7 22. Rfd1 Rhc8 23. Qa3 a5 {Murawski,J (2033)-Brunner,N (2413) chess.com INT 2024 0-1 (40)}) 9... Bb7 10. O-O O-O 11. Qd2 ({RR} 11. Nb5 Na5 12. Qd3 Bxg2 13. Kxg2 a6 14. Nc3 Nb7 15. Rfd1 d6 16. Qf3 Qc7 17. Rac1 Rac8 18. Nd2 Nd7 19. b4 Ne5 20. Bxe5 dxe5 21. a3 f5 22. Na4 Bg5 23. e3 Rcd8 24. b5 Na5 25. bxa6 Rd3 {Carlsen,M (2581)-Bologan,V (2669) Sanxenxo 2004 0-1 (39)}) 11... Na5 $146 ({RR} 11... Rc8 12. Rac1 Ba6 13. Nb5 d5 14. cxd5 Nxd5 15. Bxd5 Bxb5 16. Bc4 Qxd2 17. Bxd2 Bxc4 {½-½ (17) Favaloro,A (2370)-Shytaj,L (2460) Montesilvano 2022}) ({RR} 11... Rc8 12. Rac1 Ba6 13. Nb5 d5 14. cxd5 Nxd5 15. Bxd5 Bxb5 16. Bc4 Qxd2 17. Bxd2 Bxc4 {½-½ (17) Favaloro,A (2370)-Shytaj,L (2460) Montesilvano 2022}) 12. Nxa5 Bxg2 13. Kxg2 bxa5 14. Rac1 Qb6 15. b3 d5 16. cxd5 Bb4 17. Be5 Bxc3 18. Bxc3 Ne4 19. Qd4 Nxc3 20. Qxb6 axb6 21. Rxc3 exd5 22. Rd1 Rfd8 23. Rcd3 a4 24. Rxd5 Rxd5 25. Rxd5 axb3 26. axb3 Kf8 27. Rd6 Ra6 28. b4 Ke7 29. Rc6 Kd7 30. b5 f5 31. e3 g6 32. h4 1-0

[Event "ESP-chT"]
[Site "Sanxenxo"]
[Date "2004.11.25"]
[Round "8"]
[White "Carlsen, Magnus"]
[Black "Bologan, Viktor"]
[Result "0-1"]
[WhiteElo "2581"]
[BlackElo "2669"]
[PlyCount "78"]
[EventDate "2004.11.18"]
[EventType "team"]
[EventRounds "9"]
[EventCountry "ESP"]
[SourceTitle "CBM 105"]
[Source "ChessBase"]
[SourceDate "2005.04.11"]
[SourceVersion "1"]
[SourceVersionDate "2005.04.11"]
[SourceQuality "1"]

1. d4 Nf6 2. c4 e6 3. Nf3 c5 4. g3 cxd4 5. Nxd4 Nc6 6. Bg2 Bc5 7. Nb3 Be7 8. Nc3 b6 ({RR} 8... O-O 9. Bf4 b6 10. O-O Ba6 11. Nb5 Rc8 12. Nd6 Rc7 13. Rc1 Nh5 14. Be3 Nf6 15. Bf4 Nh5 16. Be3 Nf6 17. Bf4 {½-½ (17) Gelfand,B (2695)-Mamedyarov,S (2809) Moscow 2018}) 9. O-O Bb7 10. Bf4 ({RR} 10. Nb5 d6 11. N3d4 Qd7 12. Bf4 e5 13. Nxc6 Bxc6 14. Bxc6 Qxc6 15. Bg5 Nd7 16. Bxe7 Kxe7 17. Rc1 a6 18. Nc3 Nf6 19. Nd5+ Ke6 20. Nxf6 gxf6 21. Qb3 Ke7 22. Rfd1 Rhc8 23. Qa3 a5 24. Rd5 Qxd5 {Murawski,J (2033)-Brunner,N (2413) chess.com INT 2024 0-1 (40)}) 10... O-O 11. Nb5 $146 ({RR} 11. Qd2 Na5 12. Nxa5 Bxg2 13. Kxg2 bxa5 14. Rac1 Qb6 15. b3 d5 16. cxd5 Bb4 17. Be5 Bxc3 18. Bxc3 Ne4 19. Qd4 Nxc3 20. Qxb6 axb6 21. Rxc3 exd5 22. Rd1 Rfd8 23. Rcd3 a4 24. Rxd5 Rxd5 25. Rxd5 axb3 {Carlsen,M (2693)-Moskow,E (2260) Gausdal 2007 1-0 (32)}) ({RR} 11. Rc1 Nh5 12. Bd6 Nf6 13. c5 Rc8 14. e4 Bxd6 15. Qxd6 Ne8 16. Qd2 d6 17. cxb6 Qxb6 18. Rfd1 Ne5 19. Na4 Qa6 20. Qa5 Nc4 21. Qxa6 Bxa6 22. Bf1 Nf6 23. f3 d5 24. Nac5 Bb5 25. a4 Bc6 {Sarana,A (2668)-Shimanov,A (2581) chess.com INT 2023 1-0 (46)}) 11... Na5 12. Qd3 Bxg2 13. Kxg2 a6 14. Nc3 Nb7 15. Rfd1 d6 16. Qf3 Qc7 17. Rac1 Rac8 18. Nd2 Nd7 19. b4 Ne5 20. Bxe5 dxe5 21. a3 f5 22. Na4 Bg5 23. e3 Rcd8 24. b5 Na5 25. bxa6 Rd3 26. c5 b5 27. Nb6 Be7 28. a4 Bxc5 29. a7 Qxa7 30. Rxc5 Qxb6 31. Rxb5 Qd8 32. Qe2 Nc4 33. Nxc4 Rxd1 34. Nxe5 Qa8+ 35. Qf3 Qxa4 36. Rb6 Ra1 37. Rxe6 Qb5 38. Kh3 g5 39. g4 Rg1 0-1

[Event "NOR-ch"]
[Site "Sandnes"]
[Date "2005.07.03"]
[Round "2"]
[White "Agdestein, Simen"]
[Black "Carlsen, Magnus"]
[Result "1/2-1/2"]
[WhiteElo "2571"]
[BlackElo "2528"]
[PlyCount "60"]
[EventDate "2005.07.02"]
[EventType "swiss"]
[EventRounds "9"]
[EventCountry "NOR"]
[SourceTitle "CBM 107 Extra"]
[Source "ChessBase"]
[SourceDate "2005.09.01"]
[SourceVersion "1"]
[SourceVersionDate "2005.09.01"]
[SourceQuality "1"]

1. c4 Nf6 2. Nc3 c5 3. Nf3 Nc6 4. d4 cxd4 5. Nxd4 e6 6. a3 Be7 7. e4 O-O 8. Nc2 b6 9. Be2 ({RR} 9. f4 Bb7 10. Bd3 Rc8 11. Qe2 d6 12. O-O Na5 13. Be3 a6 14. Nd4 Qc7 15. Rac1 Qb8 16. b4 Nc6 17. f5 Nxd4 18. Bxd4 Ba8 19. fxe6 fxe6 20. e5 dxe5 21. Bxe5 Qb7 22. Bxf6 Bxf6 23. Qxe6+ Kh8 {Carlsen,M (2776)-Topalov,V (2796) Nice 2009 1-0 (69)}) 9... Bb7 10. O-O ({RR} 10. f3 d5 11. cxd5 exd5 12. exd5 Ne5 13. Ne3 Bc5 14. b4 Bxe3 15. Bxe3 Nxd5 16. Nxd5 Bxd5 17. Qd4 Ng6 18. Rd1 Qe7 19. Kf2 Rad8 20. Qc3 Qh4+ 21. g3 Qh3 22. Rd4 Rc8 23. Qd2 Be6 24. Bf1 Qf5 {Maghsoodloo,P (2706)-Baskakov,E (2215) chess.com INT 2025 1-0 (87)}) 10... Qc7 $146 ({RR} 10... Rc8 11. Bf4 d6 12. Ne3 Ne5 13. Qb1 Rc7 14. Bg3 Nxe4 15. Nxe4 f5 16. Nd2 f4 17. Bxf4 Rxf4 18. g3 Bg5 19. Qe1 Rxf2 20. Rxf2 Bxe3 21. Nf1 Bxf2+ 22. Qxf2 Rxc4 23. Rd1 Rc2 24. Qe3 Qc7 25. Rd2 {Epishin,V (2553)-Gschnitzer,A (2410) Innsbruck 2019 0-1}) ({RR} 10... Na5 11. e5 Ne8 12. Bf4 d6 13. Ne3 g5 14. Bg3 dxe5 15. Bxe5 f6 16. Bg3 f5 17. b4 Bf6 18. bxa5 Bxc3 19. Rc1 Bg7 20. c5 Qxd1 21. Rfxd1 bxc5 22. a6 Be4 23. f3 f4 24. Be1 fxe3 25. fxe4 {Gomez Esteban,J (2400)-Izeta Txabarri,F (2380) Elgoibar 1991 0-1 (38)}) 11. Ne3 a6 12. f4 d6 13. b4 b5 14. cxb5 axb5 15. Bb2 Qb6 16. Qd3 Nd4 17. Bd1 e5 18. Kh1 Rac8 19. Ncd5 Nxd5 20. exd5 g6 21. Bb3 Nxb3 22. Qxb3 f6 23. Rad1 Rce8 24. h3 Bd8 25. Rd3 Qc7 26. fxe5 fxe5 27. Rdd1 Bg5 28. Ng4 Qc4 29. Qxc4 bxc4 30. Bc1 Bxc1 1/2-1/2